000 00630nam a2200277Ia 4500
005 20260324150424.0
008 008 260324s9999 xx 000 0 eng d
020 _a9781003290841
037 _aEBOOK
040 _aCRL
040 _beng
040 _cCRL
041 _2eng
041 _aeng
084 _qCRL
100 _aA. E. Tansley
_91226362
245 0 _aReading and Remedial Reading
260 _bTaylor and Francis
260 _c1967
365 _a
365 _b150
856 _uhttp://www.taylorfrancis.com/books/9781003290841
942 _cEBOOK
999 _c1835783
_d1835783